000 01154cam a22002652i 4500
003 SA_RiAUC
005 20241230070229.0
008 241229s2004____su g 000 0bara c
020 _a9960107124
040 _aSA-JeALM
_bara
_cSA-RiAUC
_erda
082 0 4 _a922.2
090 _a922.2
_bش هـ ر
100 1 _aالشهري، يحيى بن عبد الله بن يحيى البكري
_eمؤلف.
245 1 2 _aالعالم الرباني الشيخ المقرئ عبيد الله الأفغاني :
_bرحلاته وشيوخه وتلاميذه /
_cيحيى عبد الله البكري الشهري.
250 _aالطبعة الأولى.
264 1 _aمكة المكرمة :
_bدار عالم الفؤائد،
_c2004
300 _a523 صفحة ؛
_c24 سم
336 _aنص
_btxt
_2rdacontent
_3كتاب
337 _aبدون وسيط
_bn
_2rdamedia
338 _aمجلد
_bnc
_2rdacarrier
500 _aإهداء من المؤلف يحيى عبد الله البكري الشهري بتاريخ 1434/4/22 هـ
600 1 7 _aالأفغاني، عبيد الله
_2aucnm
942 _2ddc
_cBOOK
_n0
949 _aSA-JeALM
_d241229
_umohamedma123
_n1
999 _c4078
_d4078